| 000 | 00759cab a2200241 4500 | ||
|---|---|---|---|
| 001 | ABS56517 | ||
| 008 | 090401t1997 xxu||||| |||| 00| 0 eng d | ||
| 035 | _a(Sirsi) u24221 | ||
| 041 | _aeng | ||
| 100 | _aShreeve, M. | ||
| 245 | _aAcquiring the vision thing | ||
| 260 | _c1997 | ||
| 350 | _a0 | ||
| 490 |
_aAccountancy Age _v16 January 1997, 19(1) |
||
| 520 | _aExplains how the benchmarking measures of network membership, partner appraisal and practice goals can be used by partnerships to meet growing client demands. | ||
| 650 | _aBENCHMARKING | ||
| 650 | _aCLIENT DEMAND | ||
| 650 | _aPARTNERSHIPS | ||
| 650 | _aPRACTICE MANAGEMENT | ||
| 690 | _aMANAGEMENT-BUSINESS MANAGEMENT-PROFESSIONAL PRACTICE | ||
| 942 | _n0 | ||
| 948 | _c04/03/1997 | ||
| 999 |
_c16231 _d16231 |
||